Statistiken für Landkreise in Hessen

Klicken Sie hier um das Quiz zu spielen!

Allgemein

  • Dieses Quiz wurde 998 mal gespielt
    (662 seit der letzten Aktualisierung)
  • Das Durchschnittsergebnis liegt bei 19 aus 26

Antworten auf der Karte

Die Antworten werden auf der Karte rot bzw. grün angezeigt, abhängig davon wie oft sie richtig erraten wurden.
Laden ...
 

Antwortstatistiken

AutokennzeichenKreis / Stadt% Korrekt
FFrankfurt am Main
99%
WIWiesbaden
96%
KSKassel
96%
KSLandkreis Kassel
96%
DADarmstadt-Dieburg
94%
DADarmstadt
94%
OFLandkreis Offenbach
93%
OFOffenbach am Main
93%
GIGießen
89%
FDFulda
87%
MTKMain-Taunus-Kreis
79%
MRMarburg-Biedenkopf
79%
MKKMain-Kinzig-Kreis
75%
GGGroß-Gerau
72%
LDKLahn-Dill-Kreis
72%
LMLimburg-Weilburg
71%
VBVogelsbergkreis
65%
HPBergstraße
63%
ERBOdenwaldkreis
59%
HGHochtaunuskreis
57%
FBWetteraukreis
53%
HRSchwalm-Eder-Kreis
48%
HEFHersfeld-Rotenburg
48%
ESWWerra-Meißner-Kreis
47%
RÜDRheingau-Taunus-Kreis
47%
KBWaldeck-Frankenberg
44%

Verteilung der Resultate

Perzentil nach korrekt beantworteten Fragen

Anzahl Personen mit jedem Resultat

Ihre Resultats-Entwicklung

Sie haben dieses Quiz seit der letzten Aktualisierung nicht gespielt